Normal view
MARC view
- Ceramic powders
Entry Topical Term
001 - CONTROL NUMBER
- control field: 51956
003 - CONTROL NUMBER IDENTIFIER
- control field: NUST
005 - DATE AND TIME OF LATEST TRANSACTION
- control field: 20210324153800.0
008 - FIXED-LENGTH DATA ELEMENTS
- fixed length control field: 210324|| aca||aabn | a|a d
040 ## - CATALOGING SOURCE
- Original cataloging agency: NUST
- Transcribing agency: NUST
150 ## - HEADING--TOPICAL TERM
- Topical term or geographic name entry element: Ceramic powders
670 ## - SOURCE DATA FOUND
- Source citation: Work cat.: (NUST)31681: Upadhyaya, G. S. 51954, Sintered metallic and ceramic materials :, c2000.
